| 000 | 00403cam a2200169ua 4500 | ||
|---|---|---|---|
| 020 | _c3.00 | ||
| 041 |
_amal _h |
||
| 082 |
_a016.494812 _bBIB/GR |
||
| 100 | _aBibliographical orientation, . | ||
| 245 | _aGrantha nikasham | ||
| 260 |
_aAlwaye : _bBibliographical orientation committee , _c1965. |
||
| 300 | _a262 ; . | ||
| 365 | _a3.00 | ||
| 504 | _a | ||
| 942 | _cBK | ||
| 999 |
_c5231 _d5231 |
||